| Tag |
First Indicator |
Second Indicator |
Subfields |
| LEADER |
00000cam a2200000 a 4500 |
| 001 |
in00002003154 |
| 005 |
20151031142916.0 |
| 008 |
830922s1977 mau 000 0 eng d |
| 035 |
|
|
|a (OCoLC)ocm09938167
|
| 040 |
|
|
|a PMC
|c PMC
|d TXA
|d UtOrBLW
|
| 049 |
|
|
|a TXAM
|
| 090 |
|
|
|a GC1
|b .W582 no.77-6
|
| 245 |
0 |
0 |
|a Operator performance in undersea manipulator systems :
|b studies of control performance with visual force feedback, final report /
|c by W.R. Bertsche [and others].
|
| 264 |
|
1 |
|a Woods Hole, Mass. :
|b Woods Hole Oceanographic Institution,
|c 1977.
|
| 300 |
|
|
|a 1 volume ;
|c 28 cm.
|
| 336 |
|
|
|a text
|b txt
|2 rdacontent
|
| 337 |
|
|
|a unmediated
|b n
|2 rdamedia
|
| 338 |
|
|
|a volume
|b nc
|2 rdacarrier
|
| 490 |
1 |
|
|a Woods Hole, Mass. Oceanographic Institution ;
|v Reference no. 77-6.
|a Technical report
|
| 504 |
|
|
|a Includes bibliographical references.
|
| 650 |
|
0 |
|a Manipulators (Mechanism)
|
| 700 |
1 |
|
|a Bertsche, W. R.
|
| 710 |
2 |
|
|a Woods Hole Oceanographic Institution.
|
| 830 |
|
0 |
|a Woods Hole Oceanographic Institution (Series) ;
|v no. 77-6.
|
| 830 |
|
0 |
|a Technical report (Woods Hole Oceanographic Institution)
|
| 948 |
|
|
|a cataloged
|b h
|c 2004/11/19
|d c
|e dmitchel
|f 8:30:20 am
|
| 994 |
|
|
|a E0
|b TXA
|
| 999 |
|
|
|a MARS
|
| 999 |
f |
f |
|s 281ffa6c-e708-30d5-bc1b-eabe556ff9bc
|i ad8552ba-ac20-3293-97c7-3a98c923be39
|t 0
|
| 952 |
f |
f |
|p ric
|a Texas A&M University
|b Rellis Campus
|c Joint Library Facility
|d Remote Storage
|t 0
|e GC1 .W582 no.77-6
|h Library of Congress classification
|i unmediated -- volume
|m A14831638011
|
| 998 |
f |
f |
|a GC1 .W582 no.77-6
|t 0
|l Remote Storage
|